000 004060000a22001210004500
090 _aAS
_bSeriadas
245 1 0 _aPrimeros registros de Actinotaenium y Cosmarium (<desmidiaceae>) en lagos de la orilla colombiana del río Amazonas
041 0 _aEspañol
700 1 _aDonato R., John Charles
_993339
100 1 _aDuque, Santiago R.
_913847
942 _cARTICULO
773 1 _tCaldasia
_345
_h2
_q203-210
_d1996
_g18
999 _c14520
_d14520